Cultura y educación : parte histórica /

Enregistré dans:
Détails bibliographiques
Auteur principal: Spranger, Eduard (autor)
Autres auteurs: Marías, Julián (traducción) (traducción)
Format: Livre
Langue:espagnol
Publié: Buenos Aires, Argentina : Espasa-Calpe, 1948, c1948
Tags: Ajouter un tag
Pas de tags, Soyez le premier à ajouter un tag!

MARC

LEADER 00000nam^a2200000^a^4500
001 000619800
005 20250826000000.0
009 20260310133826.636
037 |a Acervo ITESO - Biblioteca 
041 |a ESP 
091 |a FOB. 01262 
100 |a Spranger, Eduard  |e (autor) 
245 1 0 |a Cultura y educación :  |b parte histórica / 
264 4 |a Buenos Aires, Argentina :  |b Espasa-Calpe,  |c 1948, c1948 
300 |a 162 p. 
336 |a texto  |b txt  |2 rdacontenido 
337 |a sin mediación  |b n  |2 rdamedio 
338 |a volumen  |b nc  |2 rdasoporte 
649 |a XX 
700 |a Marías, Julián  |e (traducción) 
910 |a Fondo Carlos de Obeso Orendain 
920 |a Impresos - Libros 
930 |a Fondos Especiales 
940 |a Literatura 
905 |a 147 
901 |a 619800-10  |b IT2  |c ESP  |i D  |u 20250826 
902 |a https://opac.biblio.iteso.mx/vufind/Record/000619800